La province d'Alsace de A à Z - Statistiques

Statistiques générales
  • Ce quiz a été pris 54 fois
  • Le résultat moyen est 7 sur 26
Statistiques - réponses
Lettre Question Réponse % Correct
S Capitale de l'Alsace depuis 1682 Strasbourg
84%
M Ville réunie à la France en 1798 Mulhouse
71%
C Roi des Francs qui bat le peuple occupant l'Alsace à Tolbiac en 496 Clovis
67%
H Une des 10 cités dépendant directeur de l'empereur du St Empire Haguenau
55%
P Il s'installe à Strasbourg en 1979 (2 mots) Parlement européen
49%
A Peuple qui prend l'Alsace aux Romains en 378 Alamans
47%
I Un splendide retable visible à Colmar a été peint pour la commanderie des Antonins d' Issenheim
47%
Q Pierre locale utilisée par les hommes préhistoriques Quartz | Quartzite
41%
D Nom donné à l'alliance formé en 1354 entre 10 villes impériales qui relèvent directement de l'autorité de l'empereur (9 sur 10 sont aujourd'hui en Alsace) Décapole
39%
O Une des 10 cités dépendant directeur de l'empereur du St Empire Obernai
37%
F Traité qui entérine l'annexion de l'Alsace par l'Empire allemand en 1871 Francfort
33%
U Nom du musée d'art de Colmar Unterlinden
33%
K Une des 10 cités dépendant directeur de l'empereur du St Empire Kaysersberg
31%
N La présence de ce type d'homme est attestée en Alsace Néandertal
31%
T Une des 10 cités dépendant directeur de l'empereur du St Empire Turckheim
20%
W Lieu de signature des traités qui intègrent l'Alsace à la France Westphalie
16%
G Peintre ayant réalisé le retable déposé au Musée de Colmar (prénom et nom) Matthias Grünewald
14%
E Capitale de l'Alsace de 1657 à 1682 Ensisheim
12%
Z Elle contribue à trouver des gisements de potasse en Alsace en 1904 (prénom et nom) Amélie Zurcher
4%
B Capitale de l'Alsace avant 1657 Brisach
4%
R Nom du traité qui fixe la frontière entre le royaume de France et le St Empire sur le Rhin Ryswick
4%
J Humaniste alsacien né en 1450 à Sélestat (prénom et nom) Jacob Wimpheling
0%
V Il contribue à trouver des gisements de potasse en Alsace en 1904 (prénom et nom) Joseph Vogt
0%
L Dernier duc d'Alsace en 747 Luitfrid
0%
X Résistant alsacien né en 1925 à Strasbourg, un des plus jeunes de France Xavier Nicole
0%
Y Restauratrice alsacienne née en 1931 qui a dirigée une Winstub réputée pendant près de 50 ans (prénom et nom) Yvonne Haller
0%
Aucun quiz correspondant
Distribution des résultats
% des personnes avec chaque résultat
Percentile par nombre de réponses
Votre historique - résultats
Vous n’avez pas pris ce quiz